Loud Speakers: (Record no. 11993)
[ view plain ]
| 000 -LEADER | |
|---|---|
| fixed length control field | 00892cam a22002531 4500 |
| 001 - CONTROL NUMBER | |
| control field | 7960809 |
| 005 - DATE AND TIME OF LATEST TRANSACTION | |
| control field | 20050809191252.0 |
| 008 - FIXED-LENGTH DATA ELEMENTS--GENERAL INFORMATION | |
| fixed length control field | 750805s1960 nyua b 000 0 eng |
| 010 ## - LIBRARY OF CONGRESS CONTROL NUMBER | |
| LC control number | 60050141 |
| 035 ## - SYSTEM CONTROL NUMBER | |
| System control number | (OCoLC)1513174 |
| 040 ## - CATALOGING SOURCE | |
| Original cataloging agency | DLC |
| Transcribing agency | ABAU |
| Modifying agency | OCoLC |
| -- | DLC |
| 042 ## - AUTHENTICATION CODE | |
| Authentication code | premarc |
| 050 00 - LIBRARY OF CONGRESS CALL NUMBER | |
| Classification number | TK6565.L6 |
| Item number | M29 1960 |
| 082 ## - DEWEY DECIMAL CLASSIFICATION NUMBER | |
| Classification number | 621.3818 |
| Edition number | 22 |
| Item number | MCL |
| 100 1# - MAIN ENTRY--PERSONAL NAME | |
| Personal name | McLachlan, N. W. |
| Fuller form of name | (Norman William), |
| Dates associated with a name | 1888- |
| 9 (RLIN) | 6784 |
| 245 10 - TITLE STATEMENT | |
| Title | Loud Speakers: |
| Remainder of title | Theory, Performance, Testing, and Design/ |
| Statement of responsibility, etc | By N/ W. Mclachlan |
| 250 ## - EDITION STATEMENT | |
| Edition statement | Corrected ed. |
| 260 ## - PUBLICATION, DISTRIBUTION, ETC. (IMPRINT) | |
| Place of publication, distribution, etc | New York: |
| Name of publisher, distributor, etc | Dover Publications, |
| Date of publication, distribution, etc | 1960 |
| 300 ## - PHYSICAL DESCRIPTION | |
| Extent | xii, 399 p.: |
| Other physical details | ill. ; |
| Dimensions | 21 cm. |
| 504 ## - BIBLIOGRAPHY, ETC. NOTE | |
| Bibliography, etc | Bibliography: p. [386]-393. |
| 650 #0 - SUBJECT ADDED ENTRY--TOPICAL TERM | |
| Topical term or geographic name as entry element | Loudspeakers. |
| 9 (RLIN) | 6785 |
| 942 ## - ADDED ENTRY ELEMENTS (KOHA) | |
| Source of classification or shelving scheme | Dewey Decimal Classification |
| Item type | Book - Borrowing |
| Withdrawn status | Item status | Source of classification or shelving scheme | Damaged status | Not for loan | Vendor | Home library | Current library | Shelving location | Date acquired | Source of acquisition | Cost, normal purchase price | Total Checkouts | Full call number | Barcode | Date last seen | Koha item type |
|---|---|---|---|---|---|---|---|---|---|---|---|---|---|---|---|---|
| Dewey Decimal Classification | Alef-Baa | Central Library | Central Library | First floor | 24/06/2009 | 150.00 | 621.3818 MCL | 000017075 | 15/07/2025 | Book - Borrowing |